| 000 | 03118cam a22004454i 4500 | ||
|---|---|---|---|
| 003 | PE-LiUPU | ||
| 005 | 20250731184555.0 | ||
| 008 | 150625s r 000 0 d | ||
| 035 | _a(Sirsi) a37950 | ||
| 040 |
_aPE-LiUPU _bspa _cPE-LiUPU _erda |
||
| 082 | 0 | 4 |
_a909.8202 _bT53 _221 |
| 245 | 0 | 0 |
_aTiempo para pensar : _bselección de artículos periodísticos / _cDaniel Oré Arámbulo. |
| 264 | 1 |
_aLima : _bTETIS GRAF, _c2006. |
|
| 300 |
_a106 páginas ; _c21 cm. |
||
| 336 |
_atext _2rdacontent |
||
| 337 |
_aunmediated _2rdamedia |
||
| 338 |
_avolume _2rdacarrier |
||
| 505 | 0 | _aLas bases de la primera Constitución. -Burocracia. -Constitución y realidad nacional. -Superioridad del estatismo. -Reflexión sobre Grau. -Antalogía de los ilustres. -La casa de Mariátegui: reencuentro con la peruanidad. -Primera promesa. -Conversatorio sobre Ricardo Palma. -El pueblo rumano en la historia y la cultura. -Relativismo histórico y poder intelectual. -Los universitarios y la tesis. -Servicio militar voluntario. -La batalla de Zarumilla. -Actualidad de Georges Melies. -Goethe, el poeta de la vida. -El genocidio ¿quedó atrás?. -La justicia de paz. -El delito potencial. -Crimen sin castigo. -La drogadicción. -El ser y el valor. -El ser y la nada: el ser y el valor. -Etica social y existencialismo. -La filosofía de la crueldad. -La enseñanza de la filosofía. -Filosofía de la historia. -Los psisthanatos: filósofos de la muerte. -La mujer y la filosofía. -Temas de filosofía peruana actual. -La ética y la guerra del Golfo. -Postulados del filósofo del jena. -Bicentenario de la crítica de la razón pura. -"La crisis, hoy": 22 años después. -Karl Marx el filósofo..el político. -Los traficantes de la muerte. -Sobre la no violencia. -Herman Rauchnning y la revolución del nihilismo. -Sobre el pacifismo. -El social Cristianismo. -Presencia filosófica de Patrick Wagner Grau. -Superación del existencialismo. -Teilhard de Chardin. -Valor y orden natural. -Conversatorio en el Ateneo de Filosofía. -El estado de imposibilidad. -Nuevo Instituto de filosofía. -El tiempo y el compromiso histórico. -Una respuesta para la muerte. -Vallejo no debe volver. | |
| 526 | _aP136 | ||
| 526 | _aP135 | ||
| 526 | _aP134 | ||
| 526 | _aP133 | ||
| 526 | _aP144 | ||
| 526 | _aP143 | ||
| 526 | _aP87 | ||
| 526 | _aP35 | ||
| 526 | _aP20 | ||
| 526 | _aP14 | ||
| 526 | _aP10 | ||
| 526 | _aP06 | ||
| 541 | _g001-000045; | ||
| 650 | 0 | 4 |
_xBIBLIOTECA _z _y _v. |
| 651 |
_aPerú _xHistoria _ySiglo XX _vMisceláneas. |
||
| 700 | 1 |
_aOré Arámbulo, Daniel, _esel. |
|
| 910 |
_bjv _clch _d20070516 |
||
| 942 |
_2ddc _cBOOK |
||
| 949 |
_a909.8202 T53 _wDEWEY _c1 _i57057 _lCCODEBUL1 _mBUL _p5.00 _r0 _sY _tBOOK _u2015-06-25 _xEDUCACION _PP20 _0COMPRA _o.STAFF. Colección General |
||
| 596 | _a1 | ||
| 999 |
_a909.8202 T53 _wDEWEY _c46180 _i57057 _d46180 _e2017-6-28 _f2021-11-8 _g5 _lRCG _mBUL _n1 _p5.00 _r1 _sY _tBOOK _u2015-6-25 _xBIBLIOTECA _PP20 _0COMPRA _o.STAFF. Colección General |
||
| 980 |
_81 _gALBERTO SANCHEZ Responsable de Automatización |
||